Sirat-Ul-Nabi / (Record no. 523665)
[ view plain ]
| 000 -LEADER | |
|---|---|
| fixed length control field | 00484nam a22001817a 4500 |
| 003 - CONTROL NUMBER IDENTIFIER | |
| control field | NUST |
| 038 ## - RECORD CONTENT LICENSOR | |
| Staff Name | waseem |
| 082 ## - DEWEY DECIMAL CLASSIFICATION NUMBER | |
| Classification number | 297.63 |
| Author Mark | NAD |
| 100 ## - MAIN ENTRY--PERSONAL NAME | |
| Personal name | Numani, Allama Sibli |
| 9 (RLIN) | 14439 |
| 245 ## - TITLE STATEMENT | |
| Title | Sirat-Ul-Nabi / |
| Statement of responsibility, etc. | Allama Sibli Numani |
| 250 ## - EDITION STATEMENT | |
| Edition statement | 5th ed. |
| 260 ## - PUBLICATION, DISTRIBUTION, ETC. | |
| Place of publication, distribution, etc. | Karachi : |
| Name of publisher, distributor, etc. | Fazal-e-Rabi, |
| Date of publication, distribution, etc. | 1985. |
| 300 ## - PHYSICAL DESCRIPTION | |
| Extent | 200 p. ; |
| 500 ## - GENERAL NOTE | |
| General note | Hardcover. |
| 880 ## - ALTERNATE GRAPHIC REPRESENTATION | |
| Linkage | 100-02\r |
| Title | علامہ شبلی نعمانی |
| 880 ## - ALTERNATE GRAPHIC REPRESENTATION | |
| Linkage | 245-02\r |
| Title | سیرت النبیﷺ / |
| 942 ## - ADDED ENTRY ELEMENTS (KOHA) | |
| Source of classification or shelving scheme | |
| Koha item type | Book |
| Withdrawn status | Lost status | Source of classification or shelving scheme | Damaged status | Not for loan | Permanent Location | Current Location | Shelving location | Date acquired | Total Checkouts | Total Renewals | Full call number | Barcode | Date last seen | Date last checked out | Price effective from | Koha item type |
|---|---|---|---|---|---|---|---|---|---|---|---|---|---|---|---|---|
| Central Library (CL) | Central Library (CL) | First Floor - Islam | 05/20/2019 | 1 | 1 | 297.63 NAD | CL-E-1115 | 09/12/2023 | 06/02/2023 | 05/20/2019 | Book | |||||
| Central Library (CL) | Central Library (CL) | First Floor - Islam | 02/16/2021 | 297.63 NAD | CL2424 | 02/16/2021 | 02/16/2021 | Book |
